Städte und Gemeinden Landkreis Bad Dürkheim - Statistiken

Allgemein
  • Dieses Quiz wurde 18 mal gespielt
  • Das Durchschnittsergebnis liegt bei 23 aus 48
Antwortstatistiken
Hint Antwort % Korrekt
--- Bad Dürkheim
90%
Deidesheim Deidesheim
90%
Wachenheim Wachenheim
90%
Freinsheim Freinsheim
80%
--- Grünstadt
80%
Lambrecht Lambrecht
80%
Freinsheim Herxheim
70%
Leiningerland Altleiningen
60%
Freinsheim Bobenheim
60%
Leiningerland Bockenheim
60%
Freinsheim Dackenheim
60%
Wachenheim Ellerstadt
60%
Freinsheim Erpolzheim
60%
Deidesheim Forst
60%
Leiningerland Großkarlbach
60%
Leiningerland Neuleiningen
60%
Leiningerland Carlsberg
50%
Leiningerland Ebertsheim
50%
--- Hassloch
50%
Leiningerland Hettenleidelheim
50%
Freinsheim Kallstadt
50%
Leiningerland Kirchheim
50%
Leiningerland Kleinkarlbach
50%
Deidesheim Meckenheim
50%
Deidesheim Niederkirchen
50%
Leiningerland Obrigheim
50%
Leiningerland Battenberg
40%
Leiningerland Dirmstein
40%
Wachenheim Friedelsheim
40%
Wachenheim Gönnheim
40%
Leiningerland Mertesheim
40%
Deidesheim Ruppertsberg
40%
Leiningerland Wattenheim
40%
Leiningerland Bissersheim
30%
Lambrecht Frankeneck
30%
Leiningerland Gerolsheim
30%
Leiningerland Kindenheim
30%
Leiningerland Laumersheim
30%
Lambrecht Neidenfels
30%
Leiningerland Tiefenthal
30%
Freinsheim Weisenheim (Berg)
30%
Freinsheim Weisenheim (Sand)
30%
Lambrecht Elmstein
20%
Lambrecht Esthal
20%
Lambrecht Lindenberg
20%
Leiningerland Obersülzen
20%
Leiningerland Quirnheim
20%
Lambrecht Weidenthal
20%
Keine übereinstimmenden Quizze gefunden
Verteilung der Resultate
Anzahl Personen mit jedem Resultat
Perzentil nach korrekt beantworteten Fragen
Ihre Resultats-Entwicklung
Sie haben dieses Quiz noch nicht gespielt